Southville International School and Colleges
Your cart is empty.
  • Cart
  • Lists
    Public lists Eva Luna New books Lux_list list_1
    Your lists Log in to create your own lists
  • Log in to your account
  • Your cookies
  • Search history
Southville International School and Colleges
  • Advanced search
  • Recent comments
  • Most popular
  • Libraries

Log in to your account

Log in with GOOGLE


If you do not have an external account, but do have a local account, you can still log in:

  1. Home
  2. MARC view: Mountains and valleys /
Normal view MARC view ISBD view

Mountains and valleys / (Record no. 105524)

[ view plain ]
MARC details
000 -LEADER
fixed length control field 00701nam a2200193 a 4500
005 - DATE AND TIME OF LATEST TRANSACTION
control field 20140412111404.0
008 - FIXED-LENGTH DATA ELEMENTS--GENERAL INFORMATION
fixed length control field 060406s19uu xx 00 eng d
020 ## - INTERNATIONAL STANDARD BOOK NUMBER
International Standard Book Number 1-57145-026-2
050 ## - LIBRARY OF CONGRESS CALL NUMBER
Classification number REF 551.4'3
Item number P37 1996
100 ## - MAIN ENTRY--PERSONAL NAME
Personal name Parker, Steve
245 ## - TITLE STATEMENT
Title Mountains and valleys /
Statement of responsibility, etc Steve and Jane Parker.
260 ## - PUBLICATION, DISTRIBUTION, ETC. (IMPRINT)
Place of publication, distribution, etc San Diego, California :
Name of publisher, distributor, etc Thunde Bay Press,
Date of publication, distribution, etc 1996.
300 ## - PHYSICAL DESCRIPTION
Extent 73 p. ; ill.
440 ## - SERIES STATEMENT/ADDED ENTRY--TITLE
Title The Changing World
520 ## - SUMMARY, ETC.
Summary, etc Looks at how the highest and lowest places on Earth are formed, and discusses climate zones and weather factors for mountains and valleys.
650 ## - SUBJECT ADDED ENTRY--TOPICAL TERM
Topical term or geographic name as entry element Mountains
General subdivision Juvenile literature
650 ## - SUBJECT ADDED ENTRY--TOPICAL TERM
Topical term or geographic name as entry element Valleys
General subdivision Juvenile literature
Holdings
Withdrawn status Lost status Source of classification or shelving scheme Damaged status Home library Current library Shelving location Date acquired Source of acquisition Total Checkouts Full call number Barcode Date last seen Price effective from Koha item type
    Library of Congress Classification   Elizalde Library Elizalde Library Reference Section 04/06/2006     REF 551.4'3 P37 1996 E10291 04/12/2014 04/12/2014 Books

Mountains and valleys /

APA

Parker S., . (1996). Mountains and valleys. San Diego, California: Thunde Bay Press.

Chicago

Parker Steve, . 1996. Mountains and valleys. San Diego, California: Thunde Bay Press.

Harvard

Parker S., . (1996). Mountains and valleys. San Diego, California: Thunde Bay Press.

MLA

Parker Steve, . Mountains and valleys. San Diego, California: Thunde Bay Press. 1996.

  • Place hold
  • Print
  • Cite
  • Add to your cart (remove)
  • Save record
    BIBTEX Dublin Core MARCXML MARC (non-Unicode/MARC-8) MARC (Unicode/UTF-8) MARC (Unicode/UTF-8, Standard) MODS (XML) RIS
  • More searches
    Search for this title in:
    Other Libraries (WorldCat) Other Databases (Google Scholar) Online Stores (Bookfinder.com) Open Library (openlibrary.org)

Exporting to Dublin Core...

SOUTHVILLE LIBRARY

Southville International School and Colleges Library

1281 Tropical Ave. Cor. Luxembourg St., BF Homes International, Las Pinas City

Tel. No. 8256374 / 252358 Loc. 117/146

Powered by Koha